| 000 | 00802nam a22002535a 4500 | ||
|---|---|---|---|
| 005 | 20170312123848.0 | ||
| 008 | 160322s2012 ii frb 001 0 eng d | ||
| 020 | _a9789350300893 | ||
| 040 |
_aEG-ScBUE _beng _cEG-ScBUE _dEG-ScBUE |
||
| 043 | _aa-ii--- | ||
| 082 | 0 | 4 |
_a338.476153210954 _bROY _222 |
| 100 | 1 |
_aRoy, Atul. _939618 |
|
| 245 | 1 | 0 |
_aHerbal drug industry / _cAtul Roy. |
| 260 |
_aJaipur : _bOxford Book Company, _c2012. |
||
| 300 |
_avi, 396 p. : _bill. ; _c25 cm. |
||
| 500 | _aIndex : p. [294]-296. | ||
| 504 | _aBibliography : p. [292]-293. | ||
| 650 | 7 |
_aBotanical drug industry _vIndia. _2BUEsh _939619 |
|
| 650 | 7 |
_aHerbs _vIndia. _2BUEsh _939620 |
|
| 650 | 7 |
_aMedicine, Ayurvedic _vIndia. _2BUEsh _939621 |
|
| 651 | _2BUEsh | ||
| 653 |
_bPPhrm _cMarch2016 _cMarch2017 |
||
| 942 | _2ddc | ||
| 999 |
_c21467 _d21439 |
||